000 00363nam a2200109Ia 4500
008 171211s9999 xx 000 0 und d
245 _aOn Roman Religion: Lived Religion and the Individual in Ancient Rome
245 _cJorg Rupke
260 _c2016
650 _xReligion
856 _uhttp://www.ebook777.com/roman-religion-lived-religion-individual-ancient-rome/
999 _c350526
_d350526